| 000 | 00437nam a2200157Ia 4500 | ||
|---|---|---|---|
| 005 | 20250329103122.0 | ||
| 008 | 231217s9999 xx 000 0 und d | ||
| 020 | _a9788131405758 | ||
| 082 | _a658.8 SRE;1 R | ||
| 100 | _aSreedhar, G V S. Bala Krishna, A V ed. | ||
| 245 | 0 | _aEvent based marketing : strategies and cases | |
| 260 |
_c2006 _bIcfai _aHyderabad |
||
| 300 | _axii, 219 | ||
| 650 | _amarketing,strategies | ||
| 942 | _cAA | ||
| 999 |
_c188743 _d188743 |
||